| 000 | 00390nam a2200157Ia 4500 | ||
|---|---|---|---|
| 008 | 230917s9999||||xx |||||||||||||| ||und|| | ||
| 040 |
_e75423 _aMAIN |
||
| 041 | _aEnglish | ||
| 082 | _a658.8 C997M | ||
| 100 | _aCzinkota, Michael R | ||
| 245 | 0 | _aMarketing management | |
| 250 | _a2nd ed. | ||
| 260 |
_aAustralia _bSouth-Western College _c2000 |
||
| 300 | _axxiv, 598 p. | ||
| 942 | _cBK | ||
| 999 |
_c112437 _d112437 |
||